000 00526nam a2200157 i 4500
001 158663
003 ES-MaACL
005 20230906211248.0
008 040902q1854 fr |||| | fre d
100 1 _aMaquet, Auguste.
_976282
245 1 3 _aLa belle Gabrielle /
_cpar Auguste Maquet.
260 _a[Paris :
_bs.n.,
_c1854] (
_fImp. Schiller ainé)
300 _a398 p. ;
_c25 cm.
596 _aEl Catálogo Colectivo de Francia fecha la obra en 1854.
852 _aES-MaACL
_jC-2610
_z- Enc. hol.
_z. - Legado M. de la Fuente
999 _c158663
_d158663